| 000 | 00517nam a22001577a 4500 | ||
|---|---|---|---|
| 999 |
_c60753 _d60753 |
||
| 005 | 20231019092249.0 | ||
| 008 | 231019s1969 ru ||||| |||| 00| 0 rus d | ||
| 041 | _arus | ||
| 080 | _a94(479.25) M-59 | ||
| 100 |
_aМкрян, М.М. _920117 |
||
| 245 |
_aМовсес Хоренаци / _cМ.М. Мкрян; Ереванский гос. ун-т. |
||
| 264 |
_aЕреван : _bИзд-во Ереванского ун-та, _c1969. |
||
| 300 |
_a182 с.: _b21 cm. |
||
| 653 | _aისტორია | ||
| 942 |
_2udc _cBK |
||